000 01063nam0a22003011 4500
001 rc\4536600
005 20260407100402.0
021 _aRU
_bРг7419-63
035 _a(NLR Aleph) 008633188
090 _a8895546
_c8895546
100 _a20130416d1963 |||y0rusy50 ca
101 0 _arus
_alav
102 _aRU
105 _aa z |||||
200 1 _aРеставрация картины "Лот с дочерьми"
_fГос. музей изобразит. искусств
210 _aРига
_cБ. и.
_d1963
215 _a37 с.
_cил.
_d18
300 _aАвт. указан на обороте тит. л.
300 _aТекст парал. на рус. и латыш. яз.
604 _150010$aЛот с дочерьми
_tЛот с дочерьми
700 1 _aКозоровицкий
_bА.Л.
712 0 2 _aМузей изобразительных искусств
_cРига
_3RU\NLR\AUTH\8810054588
_9609687
801 0 _aRU
_bNLR
_gpsbo
801 1 _aRU
_bELAR
_2rusmarc
852 _aNLR
_bОНЛ
942 _cBOOK
980 _aNB